| 000 | 00873pam a2200253 a 4500 | ||
|---|---|---|---|
| 999 |
_c21088 _d21088 |
||
| 001 | 4313457 | ||
| 003 | OSt | ||
| 005 | 20170121083812.0 | ||
| 008 | 870610s1988 nyua b 001 0 eng | ||
| 010 | _a 87018453 | ||
| 020 | _a0060444894 | ||
| 040 |
_aDLC _cDLC _dDLC |
||
| 050 | 0 | 0 |
_aHB171.5 _b.M642 1988 |
| 082 | 0 | 0 |
_a330 _219 |
| 100 | 1 | _aMiller, Roger LeRoy. | |
| 245 | 1 | 0 |
_aEconomics today / _cRoger LeRoy Miller. |
| 250 | _a6th ed. | ||
| 260 |
_aNew York : _bHarper & Row, _cc1988. |
||
| 300 |
_axxix, 893, [50] p. : _bill. ; _c28 cm. |
||
| 504 | _aIncludes bibliographies and indexes. | ||
| 650 | 0 | _aEconomics. | |
| 906 |
_a7 _bcbc _corignew _d1 _eocip _f19 _gy-gencatlg |
||
| 942 |
_2lcc _cBOOKS _hHB 171.5 .M642 1988 |
||